Statistiques concernant Toutes les communes Françaises frontalières de la Belgique

Cliquez ici pour prendre le quiz!

Statistiques générales

  • Ce quiz a été pris 42 fois
  • Le résultat moyen est 40 sur 138

Statistiques - réponses

DépartementCommune% Correct
NordTourcoing
76%
NordBray-Dunes
69%
ArdennesGivet
69%
NordArmentières
62%
NordComines
59%
NordWattrelos
55%
NordNeuville-en-Ferrain
52%
NordHalluin
48%
NordJeumont
48%
NordNieppe
48%
NordBailleul
45%
AisneHirson
45%
NordLeers
45%
NordWarneton
45%
NordWervicq-Sud
45%
NordAnor
41%
ArdennesRocroi
41%
ArdennesFumay
38%
NordGodewaersvelde
38%
Meurthe-et-MoselleMont-Saint-Martin
38%
AisneSaint-Michel
38%
ArdennesSigny-le-Petit
38%
NordBoeschepe
34%
ArdennesChooz
34%
ArdennesFépin
34%
ArdennesGespunsart
34%
NordGussignies
34%
ArdennesHargnies
34%
ArdennesHaybes
34%
NordHon-Hergies
34%
ArdennesLa Chapelle
34%
NordMarpent
34%
NordOhain
34%
NordQuiévrechain
34%
NordSaint-Jans-Cappel
34%
ArdennesSaint-Menges
34%
NordSteenvoorde
34%
NordToufflers
34%
NordWillems
34%
ArdennesAubrives
31%
NordBaisieux
31%
NordBousbecque
31%
NordCondé-sur-l'Escaut
31%
NordDeûlémont
31%
ArdennesFleigneux
31%
ArdennesFrancheval
31%
ArdennesFromelennes
31%
NordGhyvelde
31%
ArdennesGué-d'Hossus
31%
NordHestrud
31%
ArdennesHierges
31%
NordHondschoote
31%
ArdennesIlly
31%
ArdennesLes Hautes-Rivières
31%
Meurthe-et-MoselleLonguyon
31%
ArdennesMessincourt
31%
ArdennesMontigny-sur-Meuse
31%
ArdennesPouru-aux-Bois
31%
ArdennesRegniowez
31%
ArdennesThilay
31%
ArdennesTremblois-lès-Carignan
31%
NordVieux-Condé
31%
NordVillers-Sire-Nicole
31%
ArdennesVireux-Molhain
31%
ArdennesVrigne aux Bois
31%
ArdennesBazeilles
28%
NordBry
28%
ArdennesDonchery
28%
NordEth
28%
NordHouplines
28%
NordLa Flamengrie
28%
NordMortagne-du-Nord
28%
ArdennesPure
28%
NordSailly-lez-Lannoy
28%
NordBousignies-sur-Roc
24%
NordCamphin-en-Pévèle
24%
MeuseÉcouviez
24%
NordEppe-Sauvage
24%
NordFrelinghien
24%
NordLa Longueville
24%
ArdennesMatton-et-Clémency
24%
NordMoustier-en-Fagne
24%
ArdennesTaillette
24%
MeuseThonne-la-Long
24%
MeuseVelosnes
24%
NordWallers-en-Fagne
24%
AisneWatigny
24%
ArdennesWilliers
24%
Meurthe-et-MoselleAllondrelle-la-Malmaison
21%
NordBaives
21%
NordBeaurieux
21%
NordBettignies
21%
NordBettrechies
21%
NordClairfayts
21%
NordColleret
21%
Meurthe-et-MoselleÉpiez-sur-Chiers
21%
NordFlines-lès-Mortagne
21%
ArdennesFoisches
21%
NordGognies-Chaussée
21%
NordHoudain-lez-Bavay
21%
NordHoutkerque
21%
ArdennesLandrichamps
21%
NordLecelles
21%
ArdennesMogues
21%
NordSaint-Aybert
21%
ArdennesSapogne-sur-Marche
21%
NordSebourg
21%
NordTaisnières-sur-Hon
21%
MeuseVerneuil-Grand
21%
MeuseVerneuil-Petit
21%
NordVieux-Reng
21%
NordWargnies-le-Petit
21%
NordAix-en-Pévèle
17%
ArdennesAuflance
17%
NordBachy
17%
NordBambecque
17%
MeuseBreux
17%
Meurthe-et-MoselleCharency-Vezin
17%
ArdennesCharnois
17%
Meurthe-et-MoselleCosnes-et-Romain
17%
NordCrespin
17%
ArdennesEscombres-et-le-Chesnois
17%
Meurthe-et-MoselleGorcy
17%
NordHergnies
17%
ArdennesMargny
17%
NordMaulde
17%
NordMouchin
17%
ArdennesNeuville-lez-Beaulieu
17%
NordOost-Cappel
17%
ArdennesPuilly-et-Charbeaux
17%
NordRombies-et-Marchipont
17%
NordRumegies
17%
Meurthe-et-MoselleSaint-Pancré
17%
Meurthe-et-MoselleTellancourt
17%
Meurthe-et-MoselleVille-Houdlémont
17%
NordWannehain
17%
NordWinnezeele
17%
NordCousolre
14%

Distribution des résultats

Percentile par nombre de réponses

% des personnes avec chaque résultat

Votre développement - résultats

Vous n’avez pas pris ce quiz